Control of Tuta Absoluta in Lycopersicon Esculentum by Fermented Plant Extracts of Azadirachta Indica A. Juss and Tephrosia Vogelii Leaves/ (Record no. 1578)

MARC details
000 -LEADER
fixed length control field 00528nam a22001457a 4500
005 - DATE AND TIME OF LATEST TRANSACTION
control field 20250225081024.0
008 - FIXED-LENGTH DATA ELEMENTS--GENERAL INFORMATION
fixed length control field 250225b |||||||| |||| 00| 0 eng d
040 ## - CATALOGING SOURCE
Original cataloging agency KMU
Transcribing agency KMU
Modifying agency KMU
100 ## - MAIN ENTRY--PERSONAL NAME
Personal name Sikazwe, Moses
245 ## - TITLE STATEMENT
Title Control of Tuta Absoluta in Lycopersicon Esculentum by Fermented Plant Extracts of Azadirachta Indica A. Juss and Tephrosia Vogelii Leaves/
Statement of responsibility, etc. Moses Sikazwe
260 ## - PUBLICATION, DISTRIBUTION, ETC.
Place of publication, distribution, etc. Chinsali:
Name of publisher, distributor, etc. Kapasa Makasa University,
Date of publication, distribution, etc. 2020.
300 ## - PHYSICAL DESCRIPTION
Extent x, 22p.:
Other physical details ill, maps;
Dimensions 30 cm.
650 ## - SUBJECT ADDED ENTRY--TOPICAL TERM
Topical term or geographic name entry element Agroforestry
942 ## - ADDED ENTRY ELEMENTS (KOHA)
Source of classification or shelving scheme Library of Congress Classification
Koha item type Student Project Report
Suppress in OPAC No
Holdings
Withdrawn status Lost status Source of classification or shelving scheme Damaged status Not for loan Collection Home library Current library Shelving location Date acquired Total Checkouts Date last seen Price effective from Koha item type
    Library of Congress Classification     Reference Kapasa Makasa University Kapasa Makasa University Reference 25.02.2025   25.02.2025 25.02.2025 Student Project Report